000 00900nam0a22003011 4500
001 v19\rc\1973627
005 20251118181128.5
035 _a(NLR Aleph) 005057832
090 _a6964079
_c6964079
100 _a20080623d1914 u y0rusy50 ca
101 0 _arus
102 _aRU
105 _ay z |||c|
200 1 _aБолгария и последние балканские войны
_e[Очерк]
_fС. Карпов
210 _aЯрославль
_cтип. К.Ф. Некрасова
_d1914
215 _a16 с.
_d18
225 1 _aБиблиотека войны
_v№ 18
700 1 _aКарпов
_bС.
801 0 _aRU
_bNLR
_gpsbo
801 0 _aRU
_bRuMoRGB
_2psbo
801 1 _aRU
_bProSoft-M
_2rusmarc
852 _aNLR
_j37.80.6.14(№ 18)
899 _aRuMoRGB
_jW 47/190 (№ 18)
899 _aRuMoRGB
_jΔ 492/382
899 _aБАН
899 _aГПИБ
942 _cBOOK
980 _aNB